| 000 | 00478nam a2200181Ia 4500 | ||
|---|---|---|---|
| 005 | 20250423095507.0 | ||
| 008 | 250422s9999 xx 000 0 und d | ||
| 020 | _a9780374161149 | ||
| 050 | _aPS 3566.O92 .P69/ | ||
| 100 | _aPowers, Richard | ||
| 245 | 0 | _aGenerosity : an enhancement | |
| 260 | _aNew york | ||
| 260 | _bDouglas & Mclntyre Ltd. | ||
| 260 | _c2009 | ||
| 300 | _a296 p | ||
| 650 | _aCollege teachers--Fiction. Genetics--Research--Fiction. | ||
| 942 | _cBK | ||
| 999 |
_c30444 _d30444 |
||